000 00716nam a2200193Ia 4500
008 151121s9999||||xx |||||||||||||| ||und||
082 _a294।592/कुलक
082 _bHNW-79185
100 _aकुलकर्णी स्वप्नगंधा
245 _aदेवाचिये द्वारी
260 _b"पृथ्वीराज प्रकाशन, पुणे"
260 _c--
300 _a167
600 _aकुलकर्णी स्वप्नगंधा
630 _aदेवाचिये द्वारी
700 _aकुलकर्णी स्वप्नगंधा
730 _aदेवाचिये द्वारी
942 _cBOOK
999 _c1260573
_d1260570